| 000 | 00622nam a2200133Ia 4500 | ||
|---|---|---|---|
| 008 | 171207s9999 xx 000 0 und d | ||
| 100 | _aBerger, Christine Ciecierski | ||
| 245 | _aExperiences of Healing Touch and Counseling on a Bereaved Population: A Grounded Theory | ||
| 245 | _cChristine Ciecierski Berger, Sharon Cheston & Joseph Stewart-Sicking | ||
| 260 | _c2017 | ||
| 300 | _apages 166-179, April-June 2017 | ||
| 440 |
_aJournal of Creativity in Mental Health _v12:2 |
||
| 650 | _aAlternative therapies, complementary therapies, counseling, creativity in counseling, healing touch, holistic, qualitative research | ||
| 999 |
_c347683 _d347683 |
||